Túlturizmus Budapesten és Portóban kihívások és kezelési stratégiák
| Szerző: | |
|---|---|
| További közreműködők: | |
| Dokumentumtípus: | Diplomadolgozat |
| Kulcsszavak: | Budapest idegenforgalom overtourism Porto turizmus |
| Online Access: | http://dolgozattar.uni-bge.hu/60264 |
MARC
| LEADER | 00000nta a2200000 i 4500 | ||
|---|---|---|---|
| 001 | dolg60264 | ||
| 005 | 20260409150220.0 | ||
| 008 | 260409suuuu hu om 000 hun d | ||
| 040 | |a BGE Dolgozattár Repozitórium |b hun | ||
| 041 | |a hu | ||
| 100 | 1 | |a Kizmus Luca Erzsébet | |
| 245 | 1 | 0 | |a Túlturizmus Budapesten és Portóban |b kihívások és kezelési stratégiák |c Kizmus Luca Erzsébet |h [elektronikus dokumentum] |
| 520 | 3 | |a A dolgozat központi témája a túlturizmus hatásainak vizsgálata Budapest és Porto példáján. Célom, hogy felmérjem, milyen mértékben érintett a két desztináció a túlturizmus által, és ez milyen hatással van a lakosság életminőségére, valamint a városi infrastruktúrára, gazdaságra. A hipotézis szerint a helyi lakosok a túlturizmust inkább negatívan élik meg, különösen a belvárosi területeken. A kutatás kérdőíves felmérés és tartalomelemzés módszerével zajlott. A hipotézis beigazolódott: mindkét városban markánsan megjelennek a túlturizmus kedvezőtlen hatásai, ugyanakkor a turizmus gazdasági jelentőségét a lakosság többsége is elismeri. Mindezekhez pedig saját javaslataimat fogalmaztam meg. | |
| 695 | |a Budapest | ||
| 695 | |a idegenforgalom | ||
| 695 | |a overtourism | ||
| 695 | |a Porto | ||
| 695 | |a turizmus | ||
| 700 | 1 | |a Babos Dr. Krisztina |e ths | |
| 856 | 4 | 0 | |u http://dolgozattar.uni-bge.hu/60264/1/T%C3%BAlturizmus%20Budapesten%20%C3%A9s%20Port%C3%B3ban%20kih%C3%ADv%C3%A1sok%20%C3%A9s%20kezel%C3%A9si%20strat%C3%A9gi%C3%A1k.pdf |z Dokumentum-elérés |
| 856 | 4 | 0 | |u http://dolgozattar.uni-bge.hu/60264/2/Kizmus%20Luca%20Erzs%C3%A9bet_Szakdolgozat%20b%C3%ADr%C3%A1lati%20lap_Dr.%20Babos%20Krisztina.pdf |z Dokumentum-elérés |
| 856 | 4 | 0 | |u http://dolgozattar.uni-bge.hu/60264/3/Kizmus%20Luca%20b%C3%ADr%C3%A1lat.pdf |z Dokumentum-elérés |